Piłka nożna -Tottenham - sprzedaże - Statystyki

Ogólne statystyki
  • Ten quiz został rozwiązany 41 razy
  • Średni wynik to 7 z 15
Statystyki odpowiedzi
miejsce kwota sezon klub kupujący pozycja zawodnika zawodnik % Poprawnych
2. 95,00 mln € 23/24 Bayern Monachium napastnik Harry Kane
97%
1. 101,00 mln € 13/14 Real Madryt skrzydłowy Gareth Bale
95%
6. 35,00 mln € 12/13 Real Madryt pomocnik Luka Modrić
89%
3. 52,70 mln € 17/18 Manchester City obrońca Kyle Walker
84%
13. 22,00 mln € 25/26 LA FC skrzydłowy/napastnik Heung-min Son
66%
9. 27,00 mln € 19/20 Inter Mediolan pomocnik Christian Eriksen
50%
4. 40,00 mln € 25/26 Crystal Palace skrzydłowy/napastnik Brennan Johnson
47%
7. 31,25 mln € 22/23 Ajax Amsterdam skrzydłowy Steven Bergwijn
47%
5. 38,00 mln € 08/09 Manchester United napastnik Dimitar Berbatov
45%
12. 22,00 mln € 19/20 Atletico Madryt obrońca Kieran Trippier
34%
8. 27,25 mln € 06/07 Manchester United pomocnik Michael Carrick
26%
11. 23,50 mln € 24/25 Leicester City FC pomocnik Oliver Skipp
16%
10. 24,00 mln € 08/09 Liverpool FC napastnik Robbie Keane
13%
15. 19,00 mln € 17/18 FC Schalke 04 pomocnik Nabil Bentaleb
11%
14. 19,40mln € 17/18 Stoke City obrońca Kevin Wimmer
3%
Nie znaleziono quizów pasujących do podanych kryteriów
Rozkład punktacji
Procent ludzi z każdym wynikiem
Percentyl według liczby udzielonych odpowiedzi
Twoja historia wyników
Nie rozwiązałeś tego quizu